Basketball Rule Book 2009/ (Record no. 194791)

MARC details
000 -LEADER
fixed length control field 00565nam a22001817a 4500
005 - DATE AND TIME OF LATEST TRANSACTION
control field 20230120103312.0
010 ## - LCCN (DPL NO)
LC control number ENG-136021
020 ## - INTERNATIONAL STANDARD BOOK NUMBER
International Standard Book Number 9788178791315
Terms of availability 195.00
035 ## - SYSTEM CONTROL NUMBER
System control number EN-119553
037 ## - SOURCE OF ACQUISITION
Source of stock number/acquisition DBAD/PUB
082 ## - DEWEY DECIMAL CLASSIFICATION NUMBER
Classification number 796.32307
100 ## - MAIN ENTRY--PERSONAL NAME
Personal name Jain, Anoop
245 ## - TITLE STATEMENT
Title Basketball Rule Book 2009/
Statement of responsibility, etc by Anoop Jain
260 ## - PUBLICATION, DISTRIBUTION, ETC. (IMPRINT)
Place of publication, distribution, etc New Delhi
Name of publisher, distributor, etc Sports Publication
Date of publication, distribution, etc 2009
270 ## - ADDRESS
Address 7/26, Ground Floor, Ansari Road, Darya Ganj
City New Delhi
Postal code 110002
Electronic mail address lakshaythani@hotmail.com
300 ## - PHYSICAL DESCRIPTION
Extent 112p.
Dimensions 22cm(hbk)
942 ## - ADDED ENTRY ELEMENTS (KOHA)
Source of classification or shelving scheme Dewey Decimal Classification
Item type English Books
Classification part 796.32307
Call number suffix JAI
Holdings
Withdrawn status Lost status Not for loan Collection code Home library Current library Date acquired Source of acquisition Cost, normal purchase price Full call number Barcode Copy number Cost, replacement price Koha item type
      Non-fiction R.K.Puram-8 R.K.Puram-8 20/01/2023 DBAD/PUB 195.00 796.32307 JAI EN-119553 1 195.00 English Books

© Delhi Public Library
Hit Counter
free hit counter